Countries of the World in Romanian - Statistics

General Stats
  • This quiz has been taken 232 times
  • The average score is 94 of 196
Answers on the Map
Answers color-coded by a green-red scale on the quiz's map according to % correct below.
 
Answer Stats
Country % Correct
România
93%
Canada
91%
China
91%
Franța
91%
Rusia
91%
Italia
88%
Spania
88%
Turcia
88%
Mexic
87%
Germania
86%
Norvegia
86%
Polonia
86%
Portugalia
86%
Ucraina
86%
Belgia
85%
Brazilia
85%
Bulgaria
85%
Grecia
85%
Irlanda
85%
India
84%
Regatul Unit
83%
Australia
82%
Austria
82%
Japonia
82%
Serbia
81%
Suedia
81%
Ungaria
81%
Danemarca
80%
Croația
79%
Egipt
79%
Estonia
79%
Islanda
79%
Slovacia
79%
Țările de Jos
79%
Belarus
78%
Lituania
78%
Mongolia
78%
Statele Unite ale Americii
78%
Argentina
77%
Albania
76%
Cehia
76%
Republica Moldova
76%
Elveția
75%
Finlanda
75%
Chile
74%
Letonia
74%
Niger
73%
Slovenia
73%
Iran
70%
Coreea de Nord
68%
Coreea de Sud
68%
Cipru
67%
Pakistan
67%
Algeria
65%
Columbia
65%
Luxemburg
65%
Madagascar
65%
Maroc
65%
Peru
63%
Africa de Sud
62%
Cuba
62%
Kosovo
62%
Muntenegru
62%
Venezuela
62%
Arabia Saudită
61%
Malta
61%
Israel
59%
Andorra
58%
Uruguay
58%
Vietnam
58%
Bolivia
57%
Bosnia și Herțegovina
57%
Irak
57%
Macedonia de Nord
56%
Nigeria
56%
Ecuador
54%
Georgia
54%
Paraguay
54%
Indonezia
53%
Nepal
53%
Panama
53%
Sudan
53%
Tunisia
53%
Monaco
52%
Noua Zeelandă
52%
Oman
52%
Filipine
51%
Kazahstan
51%
Somalia
51%
Republica Dominicană
50%
Uzbekistan
50%
Etiopia
49%
Afganistan
48%
Armenia
47%
Yemen
47%
Angola
46%
Libia
46%
Qatar
46%
Siria
45%
Thailanda
45%
Liban
44%
San Marino
44%
Emiratele Arabe Unite
43%
Ghana
42%
Mali
42%
Tanzania
42%
Bangladesh
41%
Haiti
41%
Laos
41%
Sri Lanka
41%
Turkmenistan
41%
Bhutan
40%
Ciad
39%
Liechtenstein
39%
Guineea
38%
Senegal
38%
Taiwan
38%
Iordania
37%
Singapore
37%
Cambodgia
36%
Costa Rica
36%
Kenya
36%
Malaezia
36%
Maldive
36%
Zambia
36%
Guatemala
35%
Jamaica
35%
Zimbabwe
35%
Camerun
34%
El Salvador
34%
Honduras
34%
Nicaragua
34%
Mauritania
33%
Namibia
33%
Papua Noua Guinee
32%
Uganda
32%
Guyana
31%
Rwanda
31%
Sudanul de Sud
31%
Benin
30%
Togo
30%
Republica Democrată Congo
28%
Surinam
28%
Belize
27%
Botswana
27%
Fiji
27%
Mozambic
27%
Gabon
26%
Liberia
26%
Burkina Faso
25%
Coasta de Fildeș
25%
Mauritius
25%
Republica Congo
25%
Bahamas
23%
Bahrain
23%
Capul Verde
23%
Lesotho
23%
Sierra Leone
23%
Malawi
22%
Azerbaidjan
21%
Brunei
21%
Burundi
21%
Dominica
21%
Kuweit
21%
Seychelles
21%
Eritreea
20%
Gambia
20%
Guineea Ecuatorială
20%
Tuvalu
20%
Djibouti
19%
Tadjikistan
19%
Republica Centrafricană
18%
Guineea-Bissau
17%
Insulele Solomon
17%
Vanuatu
17%
Insulele Marshall
16%
Sfânta Lucia
16%
Kiribati
15%
Micronezia
15%
Palau
15%
Tonga
15%
Oraşul Vatican
14%
Swaziland
14%
Trinidad-Tobago
14%
Antigua și Barbuda
13%
Birmania
13%
Grenada
13%
Kârgâzstan
13%
Nauru
12%
Samoa
12%
Barbados
11%
Timorul de Est
11%
Comore
10%
São Tomé și Príncipe
9%
Sfântul Cristofor și Nevis
6%
Sfântul Vicențiu și Grenadine
3%
No matching quizzes found
Score Distribution
Percent of People with Each Score
Percentile by Number Answered
Your Score History
You have not taken this quiz